Score 0/24 Timer 05:00
2 Plays Today
Protagonist Film % Correct
Michael CorleoneThe Godfather Part II
77%
William WallaceBraveheart
73.6%
Ben BraddockThe Graduate
71%
Juror #812 Angry Men
68.3%
Charles Foster KaneCitizen Kane
65.7%
Andy DufresneThe Shawshank Redemption
64.3%
R. P. McMurphyOne Flew Over the Cuckoo's Nest
62.9%
George BaileyIt's a Wonderful Life
60.2%
Rooster CogburnTrue Grit
44.6%
John BenderThe Breakfast Club
41%
Det. David MillsSe7en
40%
Marge GundersonFargo
38.7%
Protagonist Film % Correct
Llewelyn MossNo Country For Old Men
33.4%
Edmond DantesThe Count of Monte Cristo
30.1%
Paul SheldonMisery
29.5%
Roy HobbsThe Natural
29.4%
Amsterdam VallonGangs of New York
23%
Det. Nick CurranBasic Instinct
20.2%
Vivian WardPretty Woman
16.8%
Mitch McDeereThe Firm
12.8%
Sam WheatGhost
12.4%
Andrew BeckettPhiladelphia
12.2%
Dorothy VallensBlue Velvet
10.3%
Eleanor ArrowayContact
5.1%
Remove Ads.
Support Sporcle.
Get the best of Sporcle when you Go Orange. This ad-free experience offers more features, more stats, and more fun while also helping to support Sporcle. Thank you for becoming a member.

You're not logged in!

Compare scores with friends on all Sporcle quizzes.
OR
Log In

Show Comments

Extras

Top Quizzes Today


Score Distribution

Your Account Isn't Verified!

In order to create a playlist on Sporcle, you need to verify the email address you used during registration. Go to your Sporcle Settings to finish the process.

Report this User

Report this user for behavior that violates our Community Guidelines.

Details: